Персонажи Undertale и Deltarune - Армагеддон - Statistics

General Stats
  • This quiz has been taken 25 times
  • The average score is 12 of 21
Answers on the Grid
Answers color-coded by a green-red scale on the quiz's grid according to % correct below.
Андайн
Мойша
Арагорн
Глэдос
Гэннондорф
Спамтон
Чиллдрейк
Фримен
Мита
Бабзи
Санс
Луиджи
Асгор
Йоши
Леорик
Сайори
Ториэль
Монстрёнок
Хиробрин
Барт
Напстаблук
Папирус
Брэтти
Кирби
Шэдоу
Флауи
Самус
Альфис
Саймон
Смурена
Нацуки
Артас
Тэмми
Ксардас
Тинтин
Астарион
Чара
Герсон
Джерри
Тифа
Сьюзи
Меттатон
Нико
Бургерпентс
Казуи
Цири
Довакин
Спарк
Паймон
Убоа
 
Answer Stats
Answer % Correct
Андайн
89%
Санс
89%
Асгор
74%
Ториэль
74%
Папирус
74%
Монстрёнок
68%
Тэмми
68%
Меттатон
68%
Флауи
63%
Чара
63%
Альфис
63%
Напстаблук
58%
Спамтон
47%
Сьюзи
47%
Джерри
42%
Бургерпентс
42%
Чиллдрейк
37%
Мойша
32%
Брэтти
32%
Смурена
26%
Герсон
26%
No matching quizzes found
Score Distribution
Percent of People with Each Score
Percentile by Number Answered
Your Score History
You have not taken this quiz